00668cam a2200205 a 450000500170000001000150001702000260003203500140005803700090007208200090008124500580009025000060014826000280015427001100018230000200029249000060031265000530031865000600037170000310043120260701150000.0 aENG-148943 a9788185586090c200.00 aEN-132475 bDBAD 21aS aKatha क Prize Stories/cEdited By Geeta Dharmarajan a1 aNew Delhi bKathac1992 aA3 Sarvodaya Enclave Sri Aurobindo Marg,bNew Delhie110017k26524350l26514373mkathavilasam@katha.org a284p.c22cm(pb0 v2 aShort stories, IndicxTranslations into English. aIndic fictiony20th centuryxTranslations into English. aDharmarajan, GeetaeEditor